A cognitive theory of cultural meaning

Saved in:
Bibliographic Details
Main Author: Strauss, Claudia, 1953-
Other Authors: Quinn, Naomi
Format: Book
Language:English
Published: Cambridge : Cambridge University Press, c1997.
Series:Publications of the Society for Psychological Anthropology
Subjects:
Tags: Add Tag
No Tags, Be the first to tag this record!

MARC

LEADER 00000nam a2200000 a 4500
001 1/127759
008 231128s1997####enk| ||| |||| ||eng||
020 |a 052159541X  |q (χαρτόδετο) 
040 |a GR-MyUa  |b gre  |c GR-MyUa  |e AACR2 
041 0 |a eng 
082 7 |a 155.82   |2 (23) 
100 1 |a Strauss, Claudia,   |d 1953- 
245 1 2 |a A cognitive theory of cultural meaning /   |c Claudia Strauss and Naomi Quinn.  
260 |a Cambridge :   |b Cambridge University Press,   |c c1997.  
300 |a 323 σ. ;   |c 23 εκ.  
490 1 |a (Publications of the Society for Psychological Anthropology)  
504 |a Βιβλιογραφία: σ. 291-312. Ευρετήριο.  
650 0 |a Ethnopsychology  |x Congresses. 
650 0 |a Cognition and culture  |x Congresses. 
650 0 |a Connectionism  |v Congresses 
700 1 |a Quinn, Naomi. 
830 0 |a Publications of the Society for Psychological Anthropology 
852 |a INST  |b LESVOS  |e 20231128  |h 155.82 STR  |p 005100065607  |q 005100065607  |t BK  |y 0 
970 |a Καμάτσου  |b Δέσποινα  |z 28-11-2023